|
|
|
|
| LEADER |
00000nab a2200000 a 4500 |
| 001 |
vtls011544441 |
| 003 |
SK-MaSNL |
| 005 |
20260318123735.0 |
| 008 |
160411c20160409xo d| | 000 0|2hun |
| 015 |
|
|
|a SNBRB2016/04
|
| 038 |
|
|
|a DSZK
|
| 040 |
|
|
|a DSZK
|b slo
|c DSZK
|e AACR2
|
| 041 |
0 |
|
|a hun
|
| 044 |
|
|
|a xo
|c SK
|
| 080 |
|
|
|a 323.15
|x (=214.58)
|x (437.6)
|2 2011
|
| 100 |
1 |
|
|a Lajos P., János
|4 aut
|9 1088944
|
| 245 |
1 |
0 |
|a Építi hivatalát Ravasz
|c Lajos P. János
|
| 600 |
1 |
7 |
|a Ravasz, Ábel,
|d 1986-
|2 dszk
|9 592572
|
| 650 |
0 |
7 |
|a splnomocnenci Vlády SR pre rómske komunity
|2 dszk
|9 1332526
|
| 651 |
|
7 |
|a Slovensko
|2 SNKPH
|9 14231
|
| 773 |
0 |
|
|t Új szó
|g Évf. 69, sz. 82 (2016.4.9), o. 2
|x 1335-7050
|
| 852 |
|
|
|a DSZK
|b KIS3GCP
|
| 958 |
|
|
|a HU
|
| 958 |
|
|
|a SK
|
| 999 |
|
|
|c 2701134
|d 2703064
|